<?xml version="1.0" encoding="UTF-8"?>
<record
    xmlns:xsi="http://www.w3.org/2001/XMLSchema-instance"
    xsi:schemaLocation="http://www.loc.gov/MARC21/slim http://www.loc.gov/standards/marcxml/schema/MARC21slim.xsd"
    xmlns="http://www.loc.gov/MARC21/slim">

  <leader>02571nam a2200217   4500</leader>
  <controlfield tag="001">113545</controlfield>
  <controlfield tag="003">DR-UNIBE</controlfield>
  <controlfield tag="005">20250502155556.0</controlfield>
  <controlfield tag="008">250502b2000    es ||||| |||| 00| 0 spa d</controlfield>
  <datafield tag="040" ind1=" " ind2=" ">
    <subfield code="a">BIBLIOTECA UNIBE</subfield>
    <subfield code="b">spa</subfield>
    <subfield code="c">BIBLIOTECA UNIBE</subfield>
    <subfield code="e">rda</subfield>
  </datafield>
  <datafield tag="041" ind1=" " ind2=" ">
    <subfield code="a">spa</subfield>
  </datafield>
  <datafield tag="082" ind1=" " ind2=" ">
    <subfield code="2">22</subfield>
    <subfield code="a">345.197284  A283h</subfield>
  </datafield>
  <datafield tag="100" ind1=" " ind2=" ">
    <subfield code="a">Aguilar Avil&#xE9;s, Gilberto</subfield>
    <subfield code="9">194894</subfield>
    <subfield code="e">autor</subfield>
  </datafield>
  <datafield tag="245" ind1=" " ind2=" ">
    <subfield code="a">Historia de la Corte Suprema de Justicia en El Salvador /</subfield>
    <subfield code="c">Gilberto Aguilar Avil&#xE9;s; presentaci&#xF3;n: Jorge Eduardo Tenorio</subfield>
  </datafield>
  <datafield tag="260" ind1=" " ind2=" ">
    <subfield code="a">San Salvador :</subfield>
    <subfield code="b">Corte Suprema de Justicia. Secci&#xF3;n de Publicaciones,</subfield>
    <subfield code="c">2000</subfield>
  </datafield>
  <datafield tag="300" ind1=" " ind2=" ">
    <subfield code="a">715 p&#xE1;ginas :</subfield>
    <subfield code="c">23 x 18 cm</subfield>
  </datafield>
  <datafield tag="505" ind1=" " ind2=" ">
    <subfield code="a">Presentaci&#xF3;n |
Introducci&#xF3;n |
Cap&#xED;tulo I. L&#xED;neas del tiempo |
Cap&#xED;tulo II. De audiencias y oidores |
Cap&#xED;tulo III. Las primers Cortes Supremas de Justicia de la Rep&#xFA;blica Federal de   Centroam&#xE9;rica y el Estado de El Salvador |
Cap&#xED;tulo IV. Los primeros pasos de la Corte Salvadore&#xF1;a |
Cap&#xED;tulo V. Recopilaci&#xF3;n de Leyes patrias del padre Isidro M&#xE9;ndez |
Cap&#xED;tulo VI. 1858: Las dos cortes o el Cisma Judicial |
Cap&#xED;tulo VII. 1858-1863: La Corte Suprema durante el gobierno del General Gerardo Barrios |
Cap&#xED;tulo VIII. Algo sobre el fin del Siglo XIX |
Cap&#xED;tulo IX. 1900: en el filo de dos siglos |
Cap&#xED;tulo X. La Corte de Justicia centroamericana 1908-1918 |
Cap&#xED;tulo XI. 1913:  un inicio tr&#xE1;gico |
Cap&#xED;tulo XII. 1930: Do&#xF1;a Prudencia Ayala lucha por los derechos de la mujer |
Cap&#xED;tulo XIII. Una notable resoluci&#xF3;n de la Corte Suprema en el a&#xF1;o tr&#xE1;gico de 19332 |
Cap&#xED;tulo XIV.  Octubre de 1994:  la Corte Suprema de Justicia frente a la dictadura
Cap&#xED;tulo XV. 1969: un discurso visionario sobre la administraci&#xF3;n de justicia |
Cap&#xED;tulo XVI. Publicaciones Peri&#xF3;dicas sobre materia jur&#xED;dica en El Salvador |
Cap&#xED;tulo XVII. 1968-1972: algunas demandas de inconstitucionalidad |
Cap&#xED;tulo XVIII. 1989: la Corte dirime una controversia entre el Ejecutivo y el Legislativo |
Cap&#xED;tulo XIX. 1992: cambios en el Sistema Judicial a ra&#xED;z de los Acuerdos de Paz |
Cap&#xED;tulo XX. La Comisi&#xF3;n Coordinadora del sector justicia |
Cap&#xED;tulo XXI. 1994: la Corte Centroamericana de Justicia |
Cap&#xED;tulo XXII. Las sedes de la Corte Suprema |
Cap&#xED;tulo XXIII. Semblanzas de los miembros de la Corte Suprema de Justicia en el a&#xF1;o 1999 |
Cap&#xED;tulo XXIV. Estructura organizativa del &#xF3;rgano judicial para el a&#xF1;o 2000 |
Anexos</subfield>
  </datafield>
  <datafield tag="650" ind1=" " ind2=" ">
    <subfield code="2">lemb</subfield>
    <subfield code="a">Corte Suprema de Justicia</subfield>
    <subfield code="x">Historia</subfield>
    <subfield code="z">El Salvador</subfield>
    <subfield code="9">194899</subfield>
  </datafield>
  <datafield tag="700" ind1=" " ind2=" ">
    <subfield code="a">Tenorio, Jorge Eduardo</subfield>
    <subfield code="9">194898</subfield>
    <subfield code="e">presentador</subfield>
  </datafield>
  <datafield tag="942" ind1=" " ind2=" ">
    <subfield code="2">ddc</subfield>
    <subfield code="c">BK</subfield>
  </datafield>
  <datafield tag="999" ind1=" " ind2=" ">
    <subfield code="c">113545</subfield>
    <subfield code="d">113545</subfield>
  </datafield>
  <datafield tag="952" ind1=" " ind2=" ">
    <subfield code="0">0</subfield>
    <subfield code="1">0</subfield>
    <subfield code="2">ddc</subfield>
    <subfield code="7">0</subfield>
    <subfield code="8">GEN</subfield>
    <subfield code="a">Principal</subfield>
    <subfield code="d">2025-04-08</subfield>
    <subfield code="l">0</subfield>
    <subfield code="o">345.197284  A283h</subfield>
    <subfield code="p">250397</subfield>
    <subfield code="r">2025-05-02 14:45:59</subfield>
    <subfield code="t">Ej. 1</subfield>
    <subfield code="w">2025-05-02</subfield>
    <subfield code="y">BK</subfield>
  </datafield>
</record>
